Top 10 ballon d'or 2009. - Statistiques

Statistiques générales
  • Ce quiz a été pris 215 fois
  • Le résultat moyen est 9 sur 10
Statistiques - réponses
Points Joueurs Clubs % Correct
233 Cristiano Ronaldo Man United/ Real
100%
473 Lionel Messi Barca
100%
149 Andres Iniesta Barca
96%
170 Xavi Barca
95%
75 Samuel Eto'o Barca/ Inter
87%
33 Didier Drogba Chelsea
84%
58 Kaka Milan/ Real
84%
35 Wayne Rooney Man United
83%
32 Steven Gerrard Liverpool
78%
50 Zlatan Ibrahimovic Inter/ Barca
75%
Aucun quiz correspondant
Distribution des résultats
% des personnes avec chaque résultat
Percentile par nombre de réponses
Votre historique - résultats
Vous n’avez pas pris ce quiz